Are you American? - Statistics

General Stats
  • This quiz has been taken 35 times
  • The average score is 9 of 15
Answer Stats
Hint Answer % Correct
How many stars are on the flag? 50
100%
Who was the first president? George Washington
97%
What is the national animal? bald eagle
93%
How old is our country? 250
90%
What 2 states make up the Capital? maryland and virginia
83%
What happened on Dec 7 1941? pearl harbor
77%
Which state has the smallest population? Wyoming
70%
What is the largest lake? lake superior
67%
What year did women get to vote? 1920
57%
In 2021, what new federal holiday got signed into law? Juneteenth
57%
Who is known as Americas team? dallas cowboys
47%
Who was the first billionaire? John D. Rockefeller
47%
What state did Nike first start in? Oregon
47%
Who was the first American astronaut in space? Alan Shepard
7%
What does the Red on the flag stand for? bravery
3%
No matching quizzes found
Score Distribution
Percent of People with Each Score
Percentile by Number Answered
Your Score History
You have not taken this quiz